LEADER 00852nam0-2200289li-450 001 990000251290203316 005 20180312154718.0 035 $a0025129 035 $aUSA010025129 035 $a(ALEPH)000025129USA01 035 $a0025129 100 $a20001109d19------km-y0itay0103----ba 101 0 $aeng 102 $aGB 200 1 $aExactly solved models in statistical mechanics$fRodney J. Baxter 700 1$aBaxter,$bRodney J.$044717 801 $aSistema bibliotecario di Ateneo dell' Università di Salerno$gRICA 912 $a990000251290203316 951 $a530.13 BAX$b0015266 959 $aBK 969 $aSCI 979 $c19900926 979 $c20001110$lUSA01$h1715 979 $c20020403$lUSA01$h1633 979 $aPATRY$b90$c20040406$lUSA01$h1618 996 $aExactly Solved Models in Statistical Mechanics$9358361 997 $aUNISA LEADER 01212nam--2200373---450- 001 990006008760203316 005 20150218094850.0 010 $a88-85033-49-0 035 $a000600876 035 $aUSA01000600876 035 $a(ALEPH)000600876USA01 035 $a000600876 100 $a20150218d2006----km-y0itay50------ba 101 0 $aeng 102 $aIT 105 $a||||||||001yy 200 1 $aTheory and practice of the short story$eAustralia, New Zealand, the South Pacific$fedited by Angelo Righetti 210 $aVerona$cUniversità$d2006 215 $aXXI, 283 p.$d24 cm 225 2 $aSaggi e testi$fDipartimento di anglistica 300 $aAtti del Convegno tenuto a Verona nel 2004 410 0$12001$aSaggi e testi$fDipartimento di anglistica 606 0 $aRacconti australiani$xAtti di congressi 676 $a823.0109 702 1$aRIGHETTI,$bAngelo 801 0$aIT$bsalbc$gISBD 912 $a990006008760203316 951 $aVII.3.B. 2261$b247621 L.M.$cVII.3.B.$d366959 959 $aBK 969 $aUMA 979 $aPASSARO$b90$c20150218$lUSA01$h0947 979 $aPASSARO$b90$c20150218$lUSA01$h0948 996 $aTheory and practice of the short story$91078970 997 $aUNISA